<?xml version="1.0" encoding="UTF-8"?>
<record
    xmlns:xsi="http://www.w3.org/2001/XMLSchema-instance"
    xsi:schemaLocation="http://www.loc.gov/MARC21/slim http://www.loc.gov/standards/marcxml/schema/MARC21slim.xsd"
    xmlns="http://www.loc.gov/MARC21/slim">

  <leader>00879nam a2200205 a 4500</leader>
  <datafield tag="999" ind1=" " ind2=" ">
    <subfield code="c">461</subfield>
    <subfield code="d">461</subfield>
  </datafield>
  <controlfield tag="001">461</controlfield>
  <controlfield tag="003">CDMR</controlfield>
  <controlfield tag="005">20241126134123.0</controlfield>
  <controlfield tag="008">130130s1948||||||||||||||||||||||||||||d</controlfield>
  <datafield tag="022" ind1=" " ind2=" ">
    <subfield code="a">2483-5544</subfield>
  </datafield>
  <datafield tag="040" ind1=" " ind2=" ">
    <subfield code="a">CDMR</subfield>
    <subfield code="b">cat</subfield>
    <subfield code="c">CDMR</subfield>
  </datafield>
  <datafield tag="110" ind1="2" ind2=" ">
    <subfield code="a">Associaci&#xF3; de la Premsa de Barcelona</subfield>
    <subfield code="9">39</subfield>
  </datafield>
  <datafield tag="245" ind1="1" ind2="0">
    <subfield code="a">Circular</subfield>
    <subfield code="c"> / Asociaci&#xF3;n de la Prensa de Barcelona</subfield>
  </datafield>
  <datafield tag="260" ind1=" " ind2=" ">
    <subfield code="a">Barcelona : </subfield>
    <subfield code="b">l'Associaci&#xF3;, </subfield>
    <subfield code="c">1948-1973</subfield>
  </datafield>
  <datafield tag="362" ind1=" " ind2=" ">
    <subfield code="a">No. 1 (jul. 1948)-no. 142 (enero/feb. 1973)</subfield>
  </datafield>
  <datafield tag="500" ind1=" " ind2=" ">
    <subfield code="a">Recull de les circulars de l'Asociaci&#xF3;n de la Prensa de Barcelona.</subfield>
  </datafield>
  <datafield tag="505" ind1=" " ind2=" ">
    <subfield code="a">Cont&#xE9;: 1.- Circular n&#xBA; 1-34 (1948-53) ;  2.- Circular n&#xBA; 35-73 (1954-59) ; 3.- Circular n&#xBA; 74-103 (1960-65) ; 4.- Circular n&#xBA; 104-129 (1966-70) ; 5.- Circular n&#xBA;130-141 (1971-72)</subfield>
  </datafield>
  <datafield tag="856" ind1=" " ind2=" ">
    <subfield code="u">https://arca.bnc.cat/arcabib_pro/ca/consulta/registro.do?id=2740</subfield>
    <subfield code="z">Acc&#xE9;s lliure (ARCA)</subfield>
  </datafield>
  <datafield tag="942" ind1=" " ind2=" ">
    <subfield code="c">RES</subfield>
    <subfield code="2">udc</subfield>
  </datafield>
  <datafield tag="952" ind1=" " ind2=" ">
    <subfield code="0">0</subfield>
    <subfield code="1">0</subfield>
    <subfield code="4">0</subfield>
    <subfield code="7">0</subfield>
    <subfield code="a">CDMR</subfield>
    <subfield code="b">CDMR</subfield>
    <subfield code="d">2013-01-16</subfield>
    <subfield code="l">0</subfield>
    <subfield code="o">Du 18 / 1</subfield>
    <subfield code="p">CDMR13096961</subfield>
    <subfield code="r">2013-01-16</subfield>
    <subfield code="t">Vol. 1</subfield>
    <subfield code="w">2013-01-16</subfield>
    <subfield code="y">RES</subfield>
  </datafield>
  <datafield tag="952" ind1=" " ind2=" ">
    <subfield code="0">0</subfield>
    <subfield code="1">0</subfield>
    <subfield code="4">0</subfield>
    <subfield code="7">0</subfield>
    <subfield code="a">CDMR</subfield>
    <subfield code="b">CDMR</subfield>
    <subfield code="d">2013-01-16</subfield>
    <subfield code="l">0</subfield>
    <subfield code="o">Du 18 / 4</subfield>
    <subfield code="p">CDMR13096962</subfield>
    <subfield code="r">2013-01-16</subfield>
    <subfield code="t">Vol. 4</subfield>
    <subfield code="w">2013-01-16</subfield>
    <subfield code="y">RES</subfield>
  </datafield>
  <datafield tag="952" ind1=" " ind2=" ">
    <subfield code="0">0</subfield>
    <subfield code="1">0</subfield>
    <subfield code="4">0</subfield>
    <subfield code="7">0</subfield>
    <subfield code="a">CDMR</subfield>
    <subfield code="b">CDMR</subfield>
    <subfield code="d">2013-01-16</subfield>
    <subfield code="l">0</subfield>
    <subfield code="o">Du 18 / 2</subfield>
    <subfield code="p">CDMR13096968</subfield>
    <subfield code="r">2013-01-16</subfield>
    <subfield code="t">Vol. 2</subfield>
    <subfield code="w">2013-01-16</subfield>
    <subfield code="y">RES</subfield>
  </datafield>
  <datafield tag="952" ind1=" " ind2=" ">
    <subfield code="0">0</subfield>
    <subfield code="1">0</subfield>
    <subfield code="4">0</subfield>
    <subfield code="7">0</subfield>
    <subfield code="a">CDMR</subfield>
    <subfield code="b">CDMR</subfield>
    <subfield code="d">2013-01-16</subfield>
    <subfield code="l">0</subfield>
    <subfield code="o">Du 18 / 3</subfield>
    <subfield code="p">CDMR13096969</subfield>
    <subfield code="r">2013-01-16</subfield>
    <subfield code="t">Vol. 3</subfield>
    <subfield code="w">2013-01-16</subfield>
    <subfield code="y">RES</subfield>
  </datafield>
  <datafield tag="952" ind1=" " ind2=" ">
    <subfield code="0">0</subfield>
    <subfield code="1">0</subfield>
    <subfield code="4">0</subfield>
    <subfield code="7">0</subfield>
    <subfield code="a">CDMR</subfield>
    <subfield code="b">CDMR</subfield>
    <subfield code="d">2013-01-16</subfield>
    <subfield code="l">0</subfield>
    <subfield code="o">Du 18 / 5</subfield>
    <subfield code="p">CDMR13096970</subfield>
    <subfield code="r">2013-01-16</subfield>
    <subfield code="t">Vol. 5</subfield>
    <subfield code="w">2013-01-16</subfield>
    <subfield code="y">RES</subfield>
  </datafield>
</record>
